ბათუმის შოთა რუსთაველის სახელმწიფო უნივერსიტეტის ბიბლიოთეკა

ხორბლის ყვითელი ჟანგას ადგილობრივი პოპულაციისადმი გამძლეობის ახალი დონორებისა და კონტროლის სხვა ეფექტური საშუალებების გამოვლენა / (ბიბ.ჩანაწერი № 55440)

000 -ლიდერი
ფიქსირებული სიგრძის საკონტროლო ველი 01870nam a2200253Ia 4500
001 - საკონტროლო ნომერი
საკონტროლო ველი 22522
003 - საკონტროლო ნომრის იდენტიფიკატორი
საკონტროლო ველი GE_BSU
005 - ბოლო ოპერაციის თარიღი და დრო
საკონტროლო ველი 20210325140108.0
008 - ფიქსირებული სიგრძის მონაცემთა ელემენტები - ზოგადი ინფორმაცია
ფიქსირებული სიგრძის საკონტროლო ველი 181216s2017||||ge |||||||||||||| ||geo||
040 ## - კატალოგიზაციის წყარო
Transcribing agency GE_BSU
041 ## - ენის კოდი
Language code of text/sound track or separate title geo
080 ## - უნივერსალური ათობითი კლასიფიკაციის ინდექსი
Universal Decimal Classification number 57 ნ-37
100 ## - მთავარი ჩანაწერი - პიროვნების სახელი
Personal name ნაცარიშვილი, ქეთინო
9 (RLIN) 10757
245 ## - ცნობა სათაურის შესახებ
Title ხორბლის ყვითელი ჟანგას ადგილობრივი პოპულაციისადმი გამძლეობის ახალი დონორებისა და კონტროლის სხვა ეფექტური საშუალებების გამოვლენა /
Statement of responsibility, etc ქეთინო ნაცარიშვილი; სამეცნ. ხელმძღვანელი ზ. სიხარულიძე; ბათუმის შოთა რუსთაველის სახ-ფო უნ-ტი. ტექნოლ. ფაკ-ტის აგროეკოლოგ. და სატყეო საქმის დეპ-ტი
264 ## - წარმოების, გამოცემის, დისტრიბუციის და სხვა ცნობები
გამოცემის, წარმოების, დისტრიბუციის... ადგილი ბათუმი,
გამოცემის, წარმოების, დისტრიბუციის... თარიღი 2017.
300 ## - ფიზიკური აღწერა
Extent 183 გვ. ;
Other physical details ილ.,
Dimensions 30 სმ.
300 ## - ფიზიკური აღწერა
Accompanying material ბიბლ.გვ.145-173
504 ## - BIBLIOGRAPHY, ETC. NOTE
Bibliography, etc ბიბლ.გვ.145-173
653 ## - INDEX TERM--UNCONTROLLED
Uncontrolled term ბიოლოგია
653 ## - INDEX TERM--UNCONTROLLED
Uncontrolled term დისერტაცია
653 ## - INDEX TERM--UNCONTROLLED
Uncontrolled term ხორბლის ყვითელი ჟანგას ადგილობრივი პოპულაციისადმი გამძლეობის ახალი დონორებისა და კონტროლის სხვა ეფექტური საშუალებების გამოვლენა
700 ## - ADDED ENTRY--PERSONAL NAME
Personal name სიხარულიძე, ზოია
Relator term სამეცნ. ხელმძღვანელი
9 (RLIN) 10758
942 ## - ADDED ENTRY ELEMENTS (KOHA)
Koha item type წიგნი
Source of classification or shelving scheme
ეგზემპლარები
ჩამოწერის სტატუსი დაკარგული ეგზემპლარის სტატუსი კლასიფიკაციის წყარო ან თაროზე გაწყობის სქემა დაზიანების სტატუსი არ გაიცემა მუდმივი მდებარეობა (დაცვის ადგილი) ამჟამინდელი ადგილსამყოფელი თაროზე განთავსების ადგილი შეძენის თარიღი სრული შენახვის შიფრი შტრიხკოდი ბოლო ოპერაციის თარიღი ეგზემპლარის მიმდევრობითი ნომერი (კეტერი?) ფასის ძალაში შესვლის თარიღი ეგზემპლარის სახეობა საჯარო შენიშვნა
          ბათუმის შოთა რუსთაველის სახელმწიფო უნივერსიტეტის მთავარი ბიბლიოთეკა ბათუმის შოთა რუსთაველის სახელმწიფო უნივერსიტეტის მთავარი ბიბლიოთეკა წიგნსაცავი 2018-12-17 57 ნ-37 292 დისერტ 2018-12-17 292 2018-12-17 დისერტაცია